Vista normal
Vista MARC
Entrada Personal Name
Número de registros utilizados en: 3
001 - CONTROL NUMBER
- control field: 11787
003 - CONTROL NUMBER IDENTIFIER
- control field: DLC
005 - DATE AND TIME OF LATEST TRANSACTION
- control field: 20220808083939.0
008 - FIXED-LENGTH DATA ELEMENTS
- fixed length control field: 101026n| acannaabn |a aaa c
010 ## - LIBRARY OF CONGRESS CONTROL NUMBER
- LC control number: no2010174176
035 ## - SYSTEM CONTROL NUMBER
- System control number: (OCoLC)oca08668863
040 ## - CATALOGING SOURCE
- Original cataloging agency: MX-MxBN
- Language of cataloging: spa
- Transcribing agency: Mx-PuUPA
- Modifying agency: Mx-PuUPA
- Description conventions: rda
100 1# - HEADING--PERSONAL NAME
- Personal name: Cué Mancera, Agustín,
372 ## - FIELD OF ACTIVITY
- Field of activity: Negocios internacionales
373 ## - ASSOCIATED GROUP
- Associated group: Universidad Autónoma Metropolitana
374 ## - OCCUPATION
- Occupation: Autor
375 ## - GENDER
- Gender: hombre
377 ## - ASSOCIATED LANGUAGE
- Language code: spa
400 1# - SEE FROM TRACING--PERSONAL NAME
- Personal name: Mancera, Agustín Cué
400 1# - SEE FROM TRACING--PERSONAL NAME
- Personal name: Cué, Agustín
670 ## - SOURCE DATA FOUND
- Source citation: Introducción a la macroeconomía : un enfoque integral para México, 2008:
- Information found: t.p. (Agustín Cué Mancera) t.c. (Agustín Cué ) p. vii (maestro en economía)